| 000 | 00735npc a2200217Ia 4500 | ||
|---|---|---|---|
| 001 | dg76-35221 | ||
| 003 | IT-MiCISF | ||
| 008 | 161014s9999||||xx | und|| | ||
| 040 |
_aIT-MiCISF _cIT-MiCISF |
||
| 041 | _ait | ||
| 100 | _aFragolino Franco | ||
| 245 | 0 |
_aFamiglie in rete: risorsa per la società _bAtti del convegno del 10 febbraio 2001 |
|
| 250 | _a1a ed. | ||
| 260 |
_a Como _bAcli _c2001 |
||
| 300 | _app. 48 | ||
| 500 | _aLafranconi D., Guggiari M., Santolini L., Anelli A., Barbo T., Chianese A., Villa G., Savaris G., Sangiani F., D'Incalci L., Biondi P. / politica-familiare, associazionismo, famiglia / | ||
| 650 | _apolitica-familiare | ||
| 700 | _aAA.VV. | ||
| 942 | _cDD | ||
| 957 | _71 | ||
| 999 |
_a35221 _bsi _g1 _c207192 _d207192 |
||